000 00704nam a2200253Ia 4500
001 35412
005 20240114001814.0
007 ta
008 070320s 198 g b000 u 465 u
040 _aCotton College,Assam
041 _a465
082 _a928.9
_bIy 9 Ra
100 _aIyengar, K.R.Srinivasa .
245 0 _aRabindranath Tagore: A Critical Introduction /
_cK.R.Srinivasa Iyengar.
_hTextual Documents
250 _a1st ed. /
260 _aNew Delhi :
_bSterling publishers ,
_c© 1987.
300 _a119p. ;
_c22cm.
504 _aIndex
653 _aBiography-Rabindranath Tagore
653 _aG-Biography
942 _2ddc
_cBK
999 _c35394
_d35394